000 00216 a2200097 4500
001 43970
100 _aMahmood Alam
245 _aA Gift for Young Muslim
260 _aKarachi
_bJaved Press
_c
090 _c27709
_d27709
942 _aNUST-CAE
_cM
_c19679
999 _c279043
_d279043